Seven summers; (Record no. 328677)
[ view plain ]
| 000 -LEADER | |
|---|---|
| fixed length control field | 00923cam a22002891 4500 |
| 001 - CONTROL NUMBER | |
| control field | 9781761 |
| 003 - CONTROL NUMBER IDENTIFIER | |
| control field | Nust |
| 005 - DATE AND TIME OF LATEST TRANSACTION | |
| control field | 20180710045207.0 |
| 008 - FIXED-LENGTH DATA ELEMENTS--GENERAL INFORMATION | |
| fixed length control field | 780322s1951 enk 000 0 eng |
| 010 ## - LIBRARY OF CONGRESS CONTROL NUMBER | |
| LC control number | 52033373 |
| 015 ## - NATIONAL BIBLIOGRAPHY NUMBER | |
| National bibliography number | GB51-8957 |
| 020 ## - INTERNATIONAL STANDARD BOOK NUMBER | |
| International Standard Book Number | 9780144000180 |
| Terms of availability | Rs. 436 |
| 035 ## - SYSTEM CONTROL NUMBER | |
| System control number | (OCoLC)3739179 |
| 038 ## - RECORD CONTENT LICENSOR | |
| Staff Name | Arshad |
| 040 ## - CATALOGING SOURCE | |
| Original cataloging agency | DLC |
| Transcribing agency | NmU |
| Modifying agency | OCoLC |
| -- | Uk |
| -- | DLC |
| 050 00 - LIBRARY OF CONGRESS CALL NUMBER | |
| Classification number | DS422.C5 |
| Item number | A6 |
| 082 ## - DEWEY DECIMAL CLASSIFICATION NUMBER | |
| Classification number | 915.4 |
| Author Mark | ANA |
| 100 1# - MAIN ENTRY--PERSONAL NAME | |
| Personal name | Anand, Mulk Raj, |
| Dates associated with a name | 1905-2004. |
| 9 (RLIN) | 11532 |
| 245 10 - TITLE STATEMENT | |
| Title | Seven summers; |
| Remainder of title | the story of an Indian childhood. |
| 260 ## - PUBLICATION, DISTRIBUTION, ETC. | |
| Place of publication, distribution, etc. | London |
| -- | New York, |
| Name of publisher, distributor, etc. | Published for Hutchinson International Authors by Hutchinson, |
| Date of publication, distribution, etc. | 1951. |
| 300 ## - PHYSICAL DESCRIPTION | |
| Extent | 240 p. |
| Dimensions | 19 cm. |
| 600 10 - SUBJECT ADDED ENTRY--PERSONAL NAME | |
| Personal name | Anand, Mulk Raj, |
| Dates associated with a name | 1905-2004 |
| General subdivision | Childhood and youth. |
| 9 (RLIN) | 11533 |
| 650 #0 - SUBJECT ADDED ENTRY--TOPICAL TERM | |
| Topical term or geographic name entry element | Children |
| Geographic subdivision | India. |
| 9 (RLIN) | 11534 |
| 651 #0 - SUBJECT ADDED ENTRY--GEOGRAPHIC NAME | |
| Geographic name | India |
| General subdivision | Social life and customs. |
| 9 (RLIN) | 11228 |
| 906 ## - LOCAL DATA ELEMENT F, LDF (RLIN) | |
| a | 7 |
| b | cbc |
| c | oclcrpl |
| d | u |
| e | ncip |
| f | 19 |
| g | y-gencatlg |
| 942 ## - ADDED ENTRY ELEMENTS (KOHA) | |
| Source of classification or shelving scheme | |
| Koha item type | Book |
| Withdrawn status | Lost status | Source of classification or shelving scheme | Damaged status | Not for loan | Collection code | Permanent Location | Current Location | Shelving location | Date acquired | Total Checkouts | Full call number | Barcode | Date last seen | Copy number | Price effective from | Koha item type |
|---|---|---|---|---|---|---|---|---|---|---|---|---|---|---|---|---|
| Central Library (CL) | Central Library (CL) | Fiction | 04/13/2017 | 915.4 ANA | CL879 | 04/13/2017 | 1 | 04/13/2017 | Book |
